| 000 | 004330000a22001690004500 | ||
|---|---|---|---|
| 003 | MACL | ||
| 005 | 20150919134354.0 | ||
| 008 | 150919b xxu||||| |||| 00| 0 eng d | ||
| 040 |
_aMACL _cMACL |
||
| 041 | _aEnglish | ||
| 082 | _a825/BRY | ||
| 100 |
_aBrayant, M Darrol _912034 |
||
| 245 |
_aReligion in A New Key _bThree Lecture |
||
| 260 |
_bWiley Eastern Limited _c1992 _aDelhi |
||
| 650 |
_aSpeeches _912035 |
||
| 942 |
_cBK _k825 _2ddc |
||
| 999 |
_c4652 _d4652 |
||